The lightning thief. #1 : the graphic novel / by ... Read More
Available copies
- 2 of 3 copies available at LARL/NWRL Consortium.
- 1 of 2 copies available at Lake Agassiz Regional Library. (Show preferred library)
Current holds
0 current holds with 3 total copies.
Show Only Available Copies
| Location | Call Number / Copy Notes | Barcode | Shelving Location | Status | Due Date |
|---|---|---|---|---|---|
| Detroit Lakes Public Library | J G VEN (Text) | 33500011180494 | Main | Available | - |
| Moorhead Public Library | J G VEN (Text) | 33500011180502 | Main | Checked out | 05/17/2026 |
| Hallock Public Library | j VEN (Text) | 35500004739536 | Main | Available | - |
Record details
- ISBN: 9781423116967 (hc)
- ISBN: 1423116968 (hc)
- Physical Description: 1 v. (unpaged) : col. ill. ; 24 cm.
- Edition: 1st ed.
- Publisher: New York : Disney/Hyperion Books, c2010.
Content descriptions
| Summary, etc.: | After learning that he is the son of a mortal ... Read More |
| Target Audience Note: | 009-013. |
Search for related items by subject
| Genre: | Graphic novels. |
Search for related items by series
| LDR | 02710cam a2200577 a 4500 | ||
|---|---|---|---|
| 001 | 123651 | ||
| 003 | LARL_NWRL_CONSORTIUM | ||
| 005 | 20210219154327.0 | ||
| 008 | 100819s2010 nyua c 6 000 0 eng | ||
| 010 | . | ‡a2010035512 | |
| 020 | . | ‡a9781423116967 (hc) | |
| 020 | . | ‡a1423116968 (hc) | |
| 035 | . | ‡a(OCoLC)526057842 | |
| 040 | . | ‡aDLC ‡cDLC ‡dIG# ‡dBTCTA ‡dWIQ | |
| 082 | 0 | 0. | ‡a741.5/973 ‡222 |
| 100 | 1 | . | ‡aVenditti, Robert. ‡0(LARL_NWRL_CONSORTIUM)211866 |
| 245 | 1 | 4. | ‡aThe lightning thief. ‡n#1 : ‡bthe graphic novel / ‡cby Rick Riordan ; adapted by Robert Venditti ; art by Attila Futaki ; color by José Villarrubia ; layouts by Orpheus Collar ; lettering by Chris Dickey. |
| 250 | . | ‡a1st ed. | |
| 260 | . | ‡aNew York : ‡bDisney/Hyperion Books, ‡cc2010. | |
| 300 | . | ‡a1 v. (unpaged) : ‡bcol. ill. ; ‡c24 cm. | |
| 490 | 0 | . | ‡aPercy Jackson and the Olympians graphic novel ; ‡v1 |
| 521 | 1 | . | ‡a009-013. |
| 520 | . | ‡aAfter learning that he is the son of a mortal woman and Poseidon, god of the sea, twelve-year-old Percy is sent to a summer camp for demigods like himself, and joins his new friends on a quest to prevent a war between the gods. | |
| 650 | 0. | ‡aMythology, Greek ‡vComic books, strips, etc. | |
| 650 | 0. | ‡aCamps ‡vComic books, strips, etc. | |
| 650 | 0. | ‡aFriendship ‡vComic books, strips, etc. | |
| 650 | 0. | ‡aFathers and sons ‡vComic books, strips, etc. | |
| 650 | 0. | ‡aPoseidon (Greek deity) ‡vComic books, strips, etc. | |
| 650 | 0. | ‡aHades (Greek deity) ‡vComic books, strips, etc. | |
| 650 | 0. | ‡aZeus (Greek deity) ‡vComic books, strips, etc. | |
| 655 | 0. | ‡aGraphic novels. | |
| 650 | 1. | ‡aGraphic novels. ‡0(LARL_NWRL_CONSORTIUM)40036 | |
| 650 | 1. | ‡aMythology, Greek ‡vFiction. ‡0(LARL_NWRL_CONSORTIUM)168600 | |
| 650 | 1. | ‡aCamps ‡vFiction. ‡0(LARL_NWRL_CONSORTIUM)164214 | |
| 650 | 1. | ‡aFriendship ‡vFiction. ‡0(LARL_NWRL_CONSORTIUM)164944 | |
| 650 | 1. | ‡aFathers and sons ‡vFiction. ‡0(LARL_NWRL_CONSORTIUM)164946 | |
| 650 | 1. | ‡aPoseidon (Greek deity) ‡vFiction. | |
| 650 | 1. | ‡aHades (Greek deity) ‡vFiction. | |
| 650 | 1. | ‡aZeus (Greek deity) ‡vFiction. | |
| 600 | 1 | 1. | ‡aRiordan, Rick. ‡vAdaptations. |
| 700 | 1 | . | ‡aFutaki, Attila, ‡eill. |
| 700 | 1 | . | ‡aRiordan, Rick. ‡0(LARL_NWRL_CONSORTIUM)156478 |
| 901 | . | ‡a123651 ‡bOCLC ‡c123651 ‡tbiblio | |

Add to basket
Permalink
Disable Highlighting